000 01356nam a2200229Ia 4500
003 Ost
005 20260416102358.0
008 260416s9999||||xx |||||||||||||| ||und||
040 _cfsecg
041 _aara
082 _a330.1543
100 _aشامي، صليحة
_eمؤلف
245 0 _aالرياضيات المالية :
_bدروس و تمارين محلولة /
_c صليحة شامي
260 _aالجزائر
_bجامعة الجزائر3: كلية العلوم الإقتصادية، العلوم التجارية وعلوم التسيير
_c2022
300 _a105 ورقة
_bايضاحات
_c30 سم
504 _aمراجع ص.105
520 _aالعمليات ذات الفائدة البسيطة و الخصم التجاري بالفائدة البسيطة و تكافؤ الاوراق التجارية بالفائدة البسيطة ، العمليات ذات الفائدة المركبة و القيمة الحالية و الخصم بالفائدة المركبة و تكافؤ الاوراق التجارية بالفائدة المركبة .
653 _aالاقتصاد الرياضي
653 _aالرياضيات المالية
710 _aجامعة الجزائر3: كلية العلوم الإقتصادية، العلوم التجارية وعلوم التسيير
_eناشر علمي
942 _cHANDOUT
999 _c41292
_d41292